00560 2200217 4500001002100000005001500021035002000036007000300056008004100059020002200100082001000122084001700132100002300149245005500172250001100227260003200238300003300270990001300303990001300316990001300329INLIS00000000000788420220223042635 a0010-0222000166ta220223 g 0 ind  a978-623-6476-51-2 a658.3 a658.3 SIT m0 aSiti Normi Sinurat1 aMANAJEMEN SUMBERDAYA MANUSIA /cSiti Normi Sinurat aCet. 1 aYogyakarta :bexpert,c2021 a80 hlm :bilus ;c17 x 24 cm a022.5923 a022.5922 a022.5921